01397cam a2200349 i 4500001001400000003000900014005001700023008004100040020001800081040004600099082002100145245008800166250002000254264005700274264001000331300005200341336002600393337002800419338002700447500004200474500007800516504005100594506006200645650004600707650003900753653001900792655001700811700003400828942001200862999001700874952015600891ssj0001397290EG-ScBUE20260405114620.0140108t2014 inua f b 001 0 eng d a9781118766576 aDLCbengerdacDLCdDLCdWaSeSSdEG-ScBUE04a005.437222bCOO00aAbout face :bthe essentials of interaction design /cAlan Cooper [and five others] aFourth edition. 1aIndianapolis, IN :bJohn Wiley & Sons, Inc.,c[2014] 4cc2014 axxvi, 690 pages :bcolor illustrations ;c23 cm 2rdacontentatextbtxt 2rdamediaaunmediatedbn 2rdacarrieravolumebnc aPrev. ed. cataloged as: About face 3. a"The completely updated classic on creating delightful user experiences." aIncludes bibliographical references and index. aAvailable on campus and off campus with authorized login. 7aUser interfaces (Computer systems)2BUEsh 7aHuman-computer interaction.2BUEsh cApril2026bART vReading book1 aCooper, Alan,d1952-eauthor. 2ddccBB c31159d31130 00102ddc40708BaccahaMAINbMAINcLOWd2026-04-05ePurchaseg3810.00h40179l0o005.437 COOp000057570r2026-04-05 00:00:00v4762.50w2026-04-05yBB